| 000 | 00576nam a2200205 u 4500 | ||
|---|---|---|---|
| 005 | 20210223133715.0 | ||
| 008 | 181121s2008 r 000 0 eng d | ||
| 020 | _a9788424190200 | ||
| 035 | _aUPN01000228001 | ||
| 049 | _aI | ||
| 050 | 4 |
_aHC241 _bH3.8 |
|
| 100 | 1 |
_aHarrison, Ingrid _939035 |
|
| 245 | 1 | 3 |
_aLa Unión Europea / _bIngrid Harrison ; tr. Azucena Viloria. |
| 260 |
_aLeón, Esp. : _bEverest, _c2008. |
||
| 300 |
_a23 p. : _bil. col. |
||
| 440 | 0 | _aClaro | |
| 610 | 2 | 4 |
_aUNION EUROPEA - _vLITERATURA INFANTIL _927529 |
| 905 | _aInfantil | ||
| 999 |
_c200096 _d200096 |
||